Essentials of Oral & Maxillofacial Radiology / (Record no. 35170)

MARC details
000 -LEADER
fixed length control field 00495nam a22001697a 4500
005 - DATE AND TIME OF LATEST TRANSACTION
control field 20240311130127.0
008 - FIXED-LENGTH DATA ELEMENTS--GENERAL INFORMATION
fixed length control field 240222b |||||||| |||| 00| 0 eng d
020 ## - INTERNATIONAL STANDARD BOOK NUMBER
ISBN 9789351522294
082 ## - DEWEY DECIMAL CLASSIFICATION NUMBER
Classification number 617.607
Item number KAR-E
100 ## - MAIN ENTRY--AUTHOR
Author Name Karjodkar, Freny R .
245 ## - TITLE STATEMENT
Title Essentials of Oral & Maxillofacial Radiology /
Statement of responsibility, etc. Freny R Karjodkar
260 ## - PUBLICATION, DISTRIBUTION, ETC.
Place of Publication india :
Name of publisher, distributor, etc. Elsevier ;
Date of publication, distribution, etc. 2014 .
300 ## - PHYSICAL DESCRIPTION
Pages xii , 642 p. :
500 ## - GENERAL NOTE
General note Include Index.
650 ## - SUBJECT ADDED ENTRY--TOPICAL TERM
Subject / Department Medical / Dentistry
300 ## - PHYSICAL DESCRIPTION
-- ill ;
-- 27 cm .
952 ## - LOCATION AND ITEM INFORMATION (KOHA)
-- 0
-- 0
Holdings
Lost status Damaged status Collection code Permanent Location Current Location Shelving Location Date acquired Full Call Number Accession No./Barcode Date last seen item type Koha item type
    Medical Superior Information Resource Center (SIRC) Superior University- Central Library Superior Information Resource Center (SIRC) Superior University- Central Library Dentistry 02/22/2024 617.607 KAR-E 2014 13416 02/22/2024 BOOK BOOK

Powered by Koha